00255nam a2200085Ia 4500008004100000100001800041245005900059260004200118260000900160170620s9999 xx 000 0 und d aRani- N. Usha 0aEducational Television in India- Challenges and Issues bNew Delhi- Discovery Publishing House c1996